000 00760cjm a2200217 a 4500
001 85165
003 BD-RjUL
005 20250710104510.0
008 250608s1945 pk n| | urd
035 _a(BD-RjUL)85165
040 _aDLC
_beng
_cDLC
_dOCLCQ
_dOCLCO
_dOCLCF
041 _aurd
082 _223
_a516
_bUSJ 1945
100 _aعثمان, محمد ;; Osman, Mohammad
_915967
245 1 0 _aجديد مدلل علم هندسه /jadid mudalal ilm handasah
_cمحمد عثمان , ضياء الدين ;; Mohamad Osman, ziaa ud-Din
260 _aLahore :
_bfiroz sanaj,
_c[1945]
300 _a732 p. ;
_c19 cm
700 1 _aضياء الدين ;; zia ud din
_915968
942 _2ddc
_cBK
999 _c85165
_d85165